000 00273nam a22001217a 4500
008 181219b xxu||||| |||| 00| 0 eng d
041 _aeng
080 _a030
100 _a24
101 _aENC
245 _aEncyclopedia Corporations .
_c Fletcher p
942 _2udc
_cBK
999 _c53530
_d53530